Melbourne City Trivia - Statistics

General Stats
  • This quiz has been taken 1,071 times
  • The average score is 13 of 20
Answer Stats
Clue Answer % Correct
Australian state in which Melbourne is situated Victoria
97%
Event hosted by Melbourne in 1956 Summer Olympics
92%
Tennis tournament held in Melbourne annually since 1972 Australian Open
89%
Type of activity people watch at "Melbourne Cup" Horse Racing
79%
Actor who stars as "Thor" Chris Hemsworth
78%
Tallest building in Melbourne - named for a word used by Archimedes {Eureka} Tower
74%
Main river of Melbourne Yarra River
73%
Bushranger who wore armor and was hanged in 1880 Ned Kelly
72%
TV soap opera set in the fictional suburb of Erinsborough Neighbours
71%
Street after which the main railway station in Melbourne is named Flinders Street
70%
City located at the western end of the above Geelong
68%
Melbourne sits on the coasts of this small bay Port Philip
68%
Name by which the Melbourne Airport is colloquially known as {Tulla}marine
68%
Shopping centre that claims to be the biggest in the Southern Hemisphere {Chad}stone
65%
AFL football team of Melbourne Melbourne Demons
58%
Suburb where the University of Melbourne and Melbourne Zoo is located Parkville
48%
Actress in that TV show who also sang "Showgirl" Kylie Minogue
44%
Fictional street where the above is set Ramsay Street
44%
Event Melbourne hosted in 1880 - also known as "International Exhibition" World's Fair
30%
British PM after whom Melbourne is named - known as Lord Melbourne William {Lamb}
7%
No matching quizzes found
Score Distribution
Percent of People with Each Score
Percentile by Number Answered
Your Score History
You have not taken this quiz